| 000 | 00972nam a2200229Ia 4500 | ||
|---|---|---|---|
| 003 | IN-BaIIA | ||
| 008 | 211028s9999 xx 000 0 eng d | ||
| 020 | _a0-7923-4651-3 | ||
| 040 | _cIIA Library | ||
| 080 |
_a082.2:52 _bIAU-S189 |
||
| 111 |
_aSymposium of the International Astronomical Union _n189th _cAustralia _d1997 Jan. 13-17 _921422 |
||
| 245 | 0 |
_aFundamental stellar properties-the interaction between observation and theory _bproceedings of the 189th symposium of the IAU held in University of Sydney, Australia, January 13-17, 1997 _cedited by T. R. Bedding, A. T. Booth and A. Davis |
|
| 260 |
_aDordrecht _bKluwer Academic _c1997 |
||
| 300 | _axxix, 478p. | ||
| 490 | _aIAU symposium; no. 189 | ||
| 650 |
_aStellar properties _921423 |
||
| 700 |
_aBedding, T. R., ed. _921424 |
||
| 700 |
_aBooth, A. T., ed. _921425 |
||
| 700 |
_aDavis, A., ed. _921426 |
||
| 710 | _aInternational Astronomical Union | ||
| 942 | _cBK | ||
| 999 |
_c12251 _d12251 |
||